| 000 | 00616nam a2200229Ia 4500 | ||
|---|---|---|---|
| 003 | OSt | ||
| 005 | 20221007072030.0 | ||
| 006 | a|||||r|||| 00| 0 | ||
| 007 | ta | ||
| 008 | 221006b |||||||| |||| 00| 0 eng d | ||
| 024 | _a11,521 | ||
| 037 | _cTextual | ||
| 040 |
_aFLL _cFLL _beng |
||
| 041 |
_2eng _aeng |
||
| 082 | _aV202:1:N4, H4 | ||
| 100 |
_aThompson E. Au. _9689944 |
||
| 245 | 0 | _aMaking of the indian princes | |
| 260 |
_aLondon _bOxford university press London _c1943 |
||
| 300 |
_a304p _ccm. |
||
| 942 |
_hV202:1:N4, H4 _cTEXL _2CC |
||
| 999 |
_c1145039 _d1145039 |
||